| 000 | 00387nam a2200157Ia 4500 | ||
|---|---|---|---|
| 008 | 230312s9999||||xx |||||||||||||| ||und|| | ||
| 020 | _a0-7360-5972-5 | ||
| 082 |
_a613.7182 _bNEL-S |
||
| 100 | _aNelson;Arnold.G | ||
| 245 | 0 | _aStretching Anatomy | |
| 260 |
_bHuman Kinetics _aUSA _c2007 |
||
| 300 | _a147 | ||
| 546 | _aEng. | ||
| 650 |
_aPhysiotherapy _vStretching Anatomy |
||
| 942 | _cBK | ||
| 999 |
_c8077 _d8077 |
||